Surveying (Record no. 81814)

MARC details
000 -LEADER
fixed length control field 00993cab a22002295a 4500
001 - CONTROL NUMBER
control field L148389
008 - FIXED-LENGTH DATA ELEMENTS--GENERAL INFORMATION
fixed length control field 090914s2009 xxk f 000 0 eng d
035 ## - SYSTEM CONTROL NUMBER
System control number (Sirsi) u148389
041 0# - LANGUAGE CODE
Language code of text/sound track or separate title eng
100 1# - MAIN ENTRY--PERSONAL NAME
Personal name Hannah, J.
245 00 - TITLE STATEMENT
Title Surveying
Remainder of title a profession facing a global crisis?
260 ## - PUBLICATION, DISTRIBUTION, ETC.
Date of publication, distribution, etc. 2009
490 ## - SERIES STATEMENT
Series statement Survey Review
Volume/sequential designation 41 (313) July 2009, p. 268-278 (11)
520 ## - SUMMARY, ETC.
Summary, etc. Analyses the issues linked to the surveying profession around the globe. Examines: what will constitute the core skills of professional surveyors in the medium to long term; what is necessary for the profession to be better recognised; what is required in education to meet the challenges of a changing profession; and what is the best answer to impacts of globalisation on the profession.
590 ## - LOCAL NOTE (RLIN)
Local note KA
651 #4 - SUBJECT ADDED ENTRY--GEOGRAPHIC NAME
Geographic name International
690 ## - LOCAL SUBJECT ADDED ENTRY--TOPICAL TERM (OCLC, RLIN)
Topical term or geographic name as entry element CAREERS, EDUCATION AND TRAINING-CAREERS IN SURVEYING
700 1# - ADDED ENTRY--PERSONAL NAME
Personal name Kavanagh, James
700 1# - ADDED ENTRY--PERSONAL NAME
Personal name Mahoney, Robert
700 1# - ADDED ENTRY--PERSONAL NAME
Personal name Plimmer, F.
942 ## - ADDED ENTRY ELEMENTS (KOHA)
Suppress in OPAC 0
Holdings
Withdrawn status Lost status Source of classification or shelving scheme Damaged status Not for loan Home library Current library Shelving location Date acquired Total Checkouts Full call number Barcode Date last seen Copy number Price effective from Koha item type
    Dewey Decimal Classification     London London Journal article 14/09/2009   L148389 148389-1001 06/08/2019 1 06/08/2019 Journal article